000 00198 a2200097 4500
001 3828
100 _aSchiff, L.I
245 _aQuantum mechanics
260 _a
_bMcgrawhill
_c
090 _c3061
_d3061
942 _aNUST-CAE
_cM
_c22903
999 _c238901
_d238901